"Közjogi vélemény az osztrák-magyar vagyonközösség megosztása tárgyában"

Elmentve itt :
Bibliográfiai részletek
Szerző: Polner Ödön
Dokumentumtípus: Kézirat
Megjelent: 1922-07
Kulcsszavak:Jogtudomány - Magyarország - forrás, Vagyonközösség - osztrák-magyar
Online Access:http://misc.bibl.u-szeged.hu/57351
LEADER 00662ntm a2200169 i 4500
001 misc57351
005 20201207155952.0
008 201113s1922 hu o 0|| hun d
040 |a SZTE Miscellanea Repozitórium  |b hun 
041 |a hun 
100 1 |a Polner Ödön 
245 1 0 |a "Közjogi vélemény az osztrák-magyar vagyonközösség megosztása tárgyában"  |h [elektronikus dokumentum] /  |c  Polner Ödön 
260 |c 1922-07 
300 |a 11 fol.  |c 33 x 21 cm 
561 |a Polner Ödön hagyaték 
695 |a Jogtudomány - Magyarország - forrás, Vagyonközösség - osztrák-magyar 
856 4 0 |u http://misc.bibl.u-szeged.hu/57351/1/polner_012_002.pdf  |z Dokumentum-elérés